000 01109nac a22003377a 4500
001 BR9805131
003 BR-BrBNA
005 20240105122136.0
008 230509b bl.|||m| |||| 00| 0 por d
040 _aBR-BrBNA
_bpor
_cBiblioteca Nacional de Agricultura
072 _aH10
090 _a0120 BR9805131
100 1 _aCruz, I.
100 1 _aFigueiredo, M. de L.C.
100 1 _aOliveira, A.C. de
100 1 _aVasconcellos, C.A.
110 1 _aCentro Nacional de Pesquisa de Milho e Sorgo, Sete Lagoas, MG (Brasil)
_91790
245 1 _aDanos causados por Spodoptera frugiperda a genotipos de milho cultivados em solos com diferentes niveis de saturacao de aluminio
260 3 _aSete Lagoas, MG (Brasil):
_c1998.
300 _a5 p.
490 _aPesquisa em Andamento - Centro Nacional de Pesquisa de Milho e Sorgo (Brazil)
_vno. 32
_xISSN 0101-5559
650 _aMilho
650 _aLagarta
650 _aGenotipo
650 _aAluminio
650 _aSaturacao
650 _aGrao
650 _aRendimento
909 _a202312
_bLúcia Elande
_c55
_dLúcia Elande
942 _2AGRIS
_n0
_cMS
999 _c289428
_d289428